<?xml version="1.0" encoding="UTF-8"?>
<record
    xmlns:xsi="http://www.w3.org/2001/XMLSchema-instance"
    xsi:schemaLocation="http://www.loc.gov/MARC21/slim http://www.loc.gov/standards/marcxml/schema/MARC21slim.xsd"
    xmlns="http://www.loc.gov/MARC21/slim">

  <leader>01744nam a2200217Ia 4500</leader>
  <controlfield tag="008">220531s9999    xx            000 0 und d</controlfield>
  <datafield tag="020" ind1=" " ind2=" ">
    <subfield code="a">9780440000000</subfield>
  </datafield>
  <datafield tag="041" ind1=" " ind2=" ">
    <subfield code="a">eng</subfield>
  </datafield>
  <datafield tag="082" ind1=" " ind2=" ">
    <subfield code="a">-</subfield>
    <subfield code="b">CON / KOL</subfield>
  </datafield>
  <datafield tag="100" ind1=" " ind2=" ">
    <subfield code="a">Kolb, Helga and Others Ed.</subfield>
    <subfield code="9">73503</subfield>
  </datafield>
  <datafield tag="245" ind1=" " ind2=" ">
    <subfield code="a">Concepts and Challenges in Retinal Biology</subfield>
  </datafield>
  <datafield tag="250" ind1=" " ind2=" ">
    <subfield code="a">1ST</subfield>
  </datafield>
  <datafield tag="260" ind1=" " ind2=" ">
    <subfield code="a">Amsterdam</subfield>
    <subfield code="b">Elsevier</subfield>
    <subfield code="c">2004</subfield>
  </datafield>
  <datafield tag="300" ind1=" " ind2=" ">
    <subfield code="a">742</subfield>
  </datafield>
  <datafield tag="500" ind1=" " ind2=" ">
    <subfield code="a">Medical,</subfield>
  </datafield>
  <datafield tag="520" ind1=" " ind2=" ">
    <subfield code="a">In August 2000 a Festschrift was held at the Marine Biological Laboratory, Woods Hole, Massachusetts to celebrate the career of Professor John E. Dowling on the occasion of his 65th birthday. Containing contributions from more than 50 of John's colleagues, representing a Who's Who of the vision research community, this work not only provides a memento of the occasion, but will hopefully serve as a basic reference for future researchers in retinal biology. The volume is divided somewhat arbitrarily into seven areas of retinal research containing chapters that present in some cases a broad overview of a particular topic, and in others an account of current research and studies in progress. These chapters exemplify the richness, diversity, and excitement of contemporary retinal research. They also remind us of how much more needs to be done before we understand fully the interrelationship between retinal neurons, the complex interactions between neurons and glial cells, and the mechanisms that govern retinal development. A final chapter contributed by John Dowling provides an overview of past accomplishments, and offers some future perspectives on retinal research in the 21st century.</subfield>
  </datafield>
  <datafield tag="542" ind1=" " ind2=" ">
    <subfield code="d">26-08-2017</subfield>
  </datafield>
  <datafield tag="650" ind1=" " ind2=" ">
    <subfield code="a">Biology</subfield>
    <subfield code="9">73504</subfield>
  </datafield>
  <datafield tag="906" ind1=" " ind2=" ">
    <subfield code="d">2017-2018</subfield>
    <subfield code="f">11576</subfield>
  </datafield>
  <datafield tag="999" ind1=" " ind2=" ">
    <subfield code="c">40981</subfield>
    <subfield code="d">40981</subfield>
  </datafield>
  <datafield tag="952" ind1=" " ind2=" ">
    <subfield code="0">0</subfield>
    <subfield code="1">0</subfield>
    <subfield code="2">ddc</subfield>
    <subfield code="4">0</subfield>
    <subfield code="7">0</subfield>
    <subfield code="8">Science</subfield>
    <subfield code="a">SSMM</subfield>
    <subfield code="b">SSMM</subfield>
    <subfield code="d">2017-11-15</subfield>
    <subfield code="e">Bright Books</subfield>
    <subfield code="g">7003.00</subfield>
    <subfield code="l">0</subfield>
    <subfield code="n">1</subfield>
    <subfield code="o">-/CON/KOL/B/21685</subfield>
    <subfield code="p">SSMM-BK-21685</subfield>
    <subfield code="r">2022-08-06 00:00:00</subfield>
    <subfield code="v">7003.00</subfield>
    <subfield code="w">2022-08-06</subfield>
    <subfield code="y">BK</subfield>
    <subfield code="z">010021685</subfield>
  </datafield>
</record>
